Důvěrně a otevřeně pro chlapce a děvčata /

Hlavní autor: Donát, Josef, 1942-
Další autoři: Donátová, Nora
Jazyk: Čeština
Vydáno: České Budějovice : Dona, 1993
Témata:
Externí odkaz: Digitalizovaný dokument
Fyzický popis: 113 s. : barev. il. ; 20 cm
Knihy
Uloženo v:
LEADER 01212nam a2200289 a 4500
001 000024989
003 CZ BrMZK
005 20131128135920.0
007 ta
008 950707s1993 xr a f 000 0 cze d
015 |a cnb001163933 
020 |a 80-85463-25-3 
040 |a BOA001  |b cze 
080 |a 613.88/.89  |2 MRF 
100 1 |a Donát, Josef,  |d 1942-  |7 jn19981000726  |4 aut 
245 1 0 |a Důvěrně a otevřeně pro chlapce a děvčata /  |c Josef Donát, Nora Donátová 
260 |a České Budějovice :  |b Dona,  |c 1993 
300 |a 113 s. :  |b barev. il. ;  |c 20 cm 
500 |a Dostupné též v digitální podobě v aplikaci Kramerius 
700 1 |a Donátová, Nora  |7 xx0036249  |4 aut 
856 4 1 |u http://www.digitalniknihovna.cz/mzk/uuid/uuid:5a32b390-5a29-11e6-8e4e-005056827e51  |y Digitalizovaný dokument  |x NDK 
910 |a BOA001  |b PK-0118.987  |b 1-1314.591 
964 |a Dospívání - příručky populární pro mládež 
964 |a Výchova sexuální - příručky pro mládež 
990 |a BK 
996 6 |b 2610568409  |c 1-1314.591  |l MZK  |r Sklad / do 1 hodiny  |n 1  |p dar  |w 000024989  |u 000020  |a 1  |e BOA001  |j MZK50  |s P 
996 7 |b 3119996218  |c PK-0118.987  |l MZK  |r Sklad / do 1 hodiny  |n 13  |w 000024989  |u 000010  |a 1  |e BOA001  |j MZK50  |s A